Estatísticas para Países com Mais Reservas de Petróleo

Clique aqui para jogar o quiz

Estatísticas Gerais

  • Esse quiz foi jogado 2 283 vezes
  • A pontuação média é 13 de 20

Estatísticas das Respostas

Mi. BarrisPaís% Correto
13 239Brasil
96%
47 053Estados Unidos
96%
80 000Rússia
91%
267 026Arábia Saudita
90%
26 154China
90%
302 809Venezuela
86%
167 896Canadá
85%
155 600Irão
85%
97 800Emirados Árabes Unidos
80%
145 019Iraque
79%
25 244Catar
75%
101 500Kuweit
59%
30 000Cazaquistão
49%
8 160Argélia
47%
48 363Líbia
45%
8 219Noruega
45%
36 972Nigéria
44%
8 273Angola
35%
8 273Equador
27%
7 000Azerbaijão
26%

Distribuição das Pontuações

Percentil de Números Respondidos

Porcentagem de Pessoas com Cada Pontuação

Sua Pontuação Histórica

Você não jogou esse quiz